Consumo de energía : [1960-1990].
Guardado en:
| Autor Corporativo: | |
|---|---|
| Formato: | Libro |
| Idioma: | Spanish |
| Publicado: |
[Argentina] :
Shell Compañía Argentina de Petróleo,
1980.
|
| Materias: | |
| Etiquetas: |
Agregar Etiqueta
Sin Etiquetas, Sea el primero en etiquetar este registro!
|
| LEADER | 00820nam a22002055 4500 | ||
|---|---|---|---|
| 001 | EAD.ead002549 | ||
| 008 | 080718s1980####ag#######st###000#0#spa#d | ||
| 005 | 20101220184013.0 | ||
| 245 | 1 | 0 | |a Consumo de energía : |b [1960-1990]. |
| 260 | |a [Argentina] : |b Shell Compañía Argentina de Petróleo, |c 1980. | ||
| 300 | |a 2 v. : |b col., mapas ; |c 30 cm. | ||
| 505 | 0 | |a p. 1. Aspectos generales -- p. 2. transporte y tracción. | |
| 110 | 2 | |a Shell Compañía Argentina de Petróleo. | |
| 082 | 0 | 4 | |a 333.7982 |2 21 |
| 653 | |a Shell Argentina | ||
| 650 | 7 | |a Consumo de energía. |2 unbist | |
| 650 | 7 | |a Transporte. |2 unbist | |
| 650 | 7 | |a Combustibles. |2 unbist | |
| 859 | |a AR-BaBDC |b BIB. ADMINISTRACION GABCOOP - Libros |h 333.7982 |i Sa43 |p g00621 |v 1 |3 Parte 1 | ||
| 859 | |a AR-BaBDC |b BIB. ADMINISTRACION GABCOOP - Libros |h 333.7982 |i Sa43 |p g00622 |v 2 |3 Parte 2 | ||
